Statistics for Closest Country by City #2

Click here to take the quiz!

General Stats

  • This quiz has been taken 1,291 times
    (1,289 since last reset)
  • The average score is 15 of 24

Answer Stats

CitymikmCountry% Correct
Birmingham, England175282Ireland
99%
New Orleans513825Mexico
87%
Cordoba, Argentina345555Chile
86%
Cologne3759Belgium
83%
Baghdad73117Iran
80%
Istanbul84135Bulgaria
79%
Beijing349562Mongolia
77%
Naples119191Vatican City
77%
Birmingham, Alabama6651070Bahamas
74%
Kuala Lumpur70113Indonesia
71%
La Paz4471Peru
71%
Guatemala City5792El Salvador
64%
Tallinn4064Finland
63%
Dakar97156Gambia
63%
Marseille106171Monaco
59%
Valencia221356Algeria
56%
Nuuk319513Canada
54%
Odessa2744Moldova
53%
Kinshasa35Republic of the Congo
50%
Abuja223359Cameroon
48%
San Juan145234Dominican Republic
45%
Almaty1626Kyrgyzstan
37%
Cebu City466750Malaysia
35%
Suva454731Tonga
29%

Score Distribution

Percentile by Number Answered

Percent of People with Each Score

Your Score History

You have not taken this quiz since the last reset